Countries of the World - Alphabetical - Statistics

General Stats
  • This quiz has been taken 337 times
    321 since last reset
  • The average score is 143 of 197
Answer Stats
Letter Country % Correct
A Afghanistan
98%
A Albania
95%
A Azerbaijan
95%
A Armenia
91%
B Belgium
91%
B Botswana
91%
A Algeria
88%
A Andorra
88%
A Angola
88%
A Antigua and Barbuda
88%
A Argentina
86%
A Australia
86%
A Austria
86%
B Belize
86%
B Bolivia
86%
C Chile
86%
B Bahamas
84%
B Bangladesh
84%
B Barbados
84%
B Benin
84%
B Brazil
84%
B Brunei
84%
C Chad
84%
C China
84%
B Bahrain
81%
B Bhutan
81%
B Bosnia and Herzegovina
81%
C Cambodia
81%
C Cameroon
81%
C Canada
81%
D Democratic Republic of the Congo
81%
D Denmark
81%
D Dominican Republic
81%
E Egypt
81%
E Eritrea
81%
F Finland
81%
F France
81%
H Haiti
81%
I Indonesia
81%
B Belarus
79%
C Colombia
79%
C Cuba
79%
D Dominica
79%
E Ecuador
79%
E Estonia
79%
E Eswatini
79%
E Ethiopia
79%
F Fiji
79%
G Ghana
79%
G Guinea
79%
G Guyana
79%
H Honduras
79%
I Iceland
79%
I India
79%
I Ireland
79%
J Japan
79%
J Jordan
79%
K Kazakhstan
79%
L Libya
79%
C Comoros
77%
C Croatia
77%
C Cyprus
77%
C Czechia
77%
G Gambia
77%
G Germany
77%
G Greece
77%
I Iran
77%
I Iraq
77%
J Jamaica
77%
K Kuwait
77%
L Laos
77%
L Latvia
77%
M Mauritius
77%
Y Yemen
77%
B Bulgaria
74%
B Burundi
74%
C Costa Rica
74%
D Djibouti
74%
G Guinea-Bissau
74%
I Israel
74%
L Lithuania
74%
N Niger
74%
N Nigeria
74%
O Oman
74%
Q Qatar
74%
U Uganda
74%
U United Kingdom
74%
B Burkina Faso
72%
C Congo
72%
E El Salvador
72%
E Equatorial Guinea
72%
G Gabon
72%
G Georgia
72%
G Guatemala
72%
H Hungary
72%
I Italy
72%
K Kenya
72%
K Kosovo
72%
K Kyrgyzstan
72%
L Liberia
72%
L Luxembourg
72%
M Madagascar
72%
M Maldives
72%
M Mali
72%
M Mauritania
72%
M Moldova
72%
M Morocco
72%
M Myanmar
72%
N North Korea
72%
P Pakistan
72%
R Romania
72%
S Sweden
72%
U Ukraine
72%
U United States of America
72%
U Uzbekistan
72%
V Vatican City
72%
Z Zambia
72%
Z Zimbabwe
72%
C Central African Republic
70%
G Grenada
70%
L Lebanon
70%
M Malaysia
70%
M Malta
70%
M Marshall Islands
70%
M Mexico
70%
M Mongolia
70%
N New Zealand
70%
N North Macedonia
70%
P Portugal
70%
R Russia
70%
S Saint Lucia
70%
S Switzerland
70%
T Timor-Leste
70%
V Venezuela
70%
V Vietnam
70%
K Kiribati
67%
L Lesotho
67%
L Liechtenstein
67%
N Nicaragua
67%
N Norway
67%
P Panama
67%
P Paraguay
67%
P Poland
67%
R Rwanda
67%
S San Marino
67%
S Serbia
67%
S South Sudan
67%
S Sudan
67%
S Syria
67%
T Turkey
67%
U United Arab Emirates
67%
U Uruguay
67%
V Vanuatu
67%
C Cape Verde
65%
C Cote d'Ivoire
65%
M Micronesia
65%
M Monaco
65%
N Namibia
65%
N Netherlands
65%
P Philippines
65%
S Senegal
65%
S Slovakia
65%
S Slovenia
65%
S Somalia
65%
S South Africa
65%
T Tajikistan
65%
T Tuvalu
65%
M Malawi
63%
M Montenegro
63%
N Nepal
63%
P Palau
63%
P Papua New Guinea
63%
P Peru
63%
S Saint Kitts and Nevis
63%
S Solomon Islands
63%
S South Korea
63%
S Spain
63%
T Taiwan
63%
T Thailand
63%
T Turkmenistan
63%
S Saint Vincent and the Grenadines
60%
S Suriname
60%
T Tanzania
60%
M Mozambique
58%
N Nauru
58%
S Saudi Arabia
58%
S Seychelles
58%
T Tonga
58%
T Tunisia
58%
S Singapore
56%
S Sri Lanka
56%
T Trinidad and Tobago
56%
S Samoa
51%
S Sao Tome and Principe
51%
S Sierra Leone
49%
T Togo
49%
P Palestine
42%
No matching quizzes found
Score Distribution
Percent of People with Each Score
Percentile by Number Answered
Your Score History
You have not taken this quiz since the last reset